000
00276nam a22001217a 4500
999
_c
13114
_d
13114
020
_a
9781488626494
082
_a
658.403
100
_a
Belinda Chiera
245
_a
Quantitative Methods for Business
260
_a
Australia
_b
Pearson
_c
2019
300
_a
400 pages
942
_c
BK